[Event "Régionale 1- Metz Alekhine II - EFE"]
[Site "?"]
[Date "2007.04.01"]
[Round "8.6"]
[White "Kuhlemeier, Laurent"]
[Black "Belamine, Mourad"]
[Result "1-0"]
[WhiteElo "1760"]
[BlackElo "1580"]
[PlyCount "46"]
[SourceDate "2006.10.14"]

1. c4 Nf6 2. Nc3 g6 3. g3 Bg7 4. Bg2 c5 5. e3 Nc6 6. Nge2 d6 7. O-O Bd7 8. d4
cxd4 9. Nxd4 Rc8 10. b3 O-O 11. Bb2 Qa5 12. Re1 Qc7 13. Rc1 a6 14. Qd2 Rfd8 15.
h3 e5 16. Nde2 Be6 17. Nd5 Qb8 18. Ba3 Bxd5 19. cxd5 Ne7 20. e4 b5 21. Qa5 Qb7
22. Rxc8 {Diagramme #} 22... Nxc8 $4 (22... Qxc8 23. Rc1 Qa8 24. Rc7 Bf8 $18)
23. Qxd8+ Bf8 (23... Bf8 24. Rc1 (24. Qxf6 Qd7 25. Qf3 $18) 24... Qe7 25. Rxc8
Qxd8 26. Rxd8 $18) 1-0

[Event "Régionale 1- Metz Alekhine II - EFE"]
[Site "?"]
[Date "2007.04.01"]
[Round "8.7"]
[White "Peultier, Michel"]
[Black "Pierrot, Philippe"]
[Result "0-1"]
[WhiteElo "1530"]
[BlackElo "1740"]
[PlyCount "120"]
[SourceDate "2006.10.14"]

1. d4 Nf6 2. c4 e5 3. d5 Bc5 4. Nc3 O-O 5. e4 d6 6. Be2 Bb4 7. Qc2 c6 8. Bd2
Nbd7 9. Nf3 Nc5 10. Bg5 Bxc3+ 11. bxc3 Ncxe4 12. Bd3 Nxg5 13. Nxg5 g6 14. O-O
$6 (14. dxc6 bxc6 15. O-O $19) 14... Bd7 (14... cxd5 15. cxd5 Nxd5 16. Nf3 Nf4
$19) 15. f4 Ng4 16. Qd2 f5 17. fxe5 dxe5 18. Be2 $6 {Diagramme #} (18. h3 f4
19. dxc6 Bxc6 20. Ne6 Qd6 21. Nxf8 Ne3 22. Rf2 Rd8 $19) 18... Qb6+ $1 19. Kh1
Nf2+ 20. Rxf2 Qxf2 21. Rf1 Qc5 22. Rf3 f4 23. Ne4 Qb6 24. c5 $6 (24. Rf1 Bf5
25. Bf3 Rad8 26. Re1 Bxe4 27. Bxe4 Qc5 $19) 24... Qb1+ 25. Bf1 Qxe4 26. d6 Rad8
27. Qb2 Rb8 28. Qb3+ Be6 $4 (28... Kg7 29. Qb4 Qe1 30. Kg1 Bg4 31. Rf2 e4 $19)
29. Qxe6+ Kg7 30. Qb3 b6 31. Qa3 Ra8 32. Qa6 Rfb8 33. Qa3 bxc5 34. Qxc5 Qd5 35.
Qa3 Kf6 36. c4 Qd4 37. g3 g5 38. Qd3 Qxd3 39. Bxd3 c5 40. Bxh7 Rd8 41. Be4 Rab8
42. Rd3 Rb1+ 43. Kg2 Rb2+ 44. Kh3 Rxa2 45. d7 Ra6 46. gxf4 gxf4 47. Kg4 Rg8+
48. Kf3 Ke7 49. Bf5 Ra2 50. Rd5 Ra3+ 51. Bd3 Kd8 52. Ke4 Rg7 53. Kxe5 Rxd7 54.
Rxd7+ Kxd7 55. Bf5+ Ke7 56. Kxf4 Rc3 57. Ke5 Rxc4 58. Kd5 Rc1 59. h3 a5 60. Kc6
a4 {Diagramme #} 0-1

[Event "Régionale 1- Metz Alekhine II - EFE"]
[Site "?"]
[Date "2007.04.01"]
[Round "8.8"]
[White "Nolot, Philippe"]
[Black "Desvaux, Jean-François"]
[Result "1-0"]
[WhiteElo "1740"]
[BlackElo "1500"]
[PlyCount "109"]
[SourceDate "2006.10.14"]

1. e4 d5 2. exd5 Qxd5 3. Nc3 Qa5 4. d4 c6 5. Be2 Bf5 6. Nf3 e6 7. O-O Nf6 8. a3
Nbd7 9. Bd2 Qc7 10. Nh4 Bd6 11. g3 Bh3 12. Ng2 O-O 13. Re1 e5 14. dxe5 Bxe5 15.
Nf4 Bxf4 16. Bxf4 Qa5 17. Bf3 Be6 18. Ne4 Rad8 19. Qe2 Nxe4 20. Bxe4 Nf6 21.
Bf3 Rfe8 22. Be3 Qc7 23. Rad1 Rxd1 24. Rxd1 Bd5 25. c4 Bxf3 26. Qxf3 {
Diagramme #} 26... Rd8 $6 (26... c5 27. Qf5 b6 28. Bg5 Qc6 $11) 27. Rxd8+ Qxd8
28. Bxa7 h6 29. Kg2 Qd7 30. Bc5 Qe6 31. Bd4 Nd7 32. c5 Qc4 33. Qe3 Qd5+ 34. Kg1
Nf8 35. Qe5 Qxe5 36. Bxe5 Ne6 37. a4 f6 38. Bc3 Nc7 39. Kg2 Nd5 40. Bd2 g5 41.
Kf3 f5 42. b4 Kf8 43. b5 cxb5 44. axb5 Kf7 45. h4 g4+ 46. Ke2 h5 47. Kd3 Ke6
48. Kd4 Nc7 49. Kc4 Kd7 50. Bf4 Ne6 51. Kd5 {Diagramme #} 51... Ke7 $6 (51...
Nf8 52. Ke5 Ke8 53. Kxf5 $18) 52. Bd6+ Kd7 53. c6+ bxc6+ 54. bxc6+ Kc8 55. Kxe6
1-0

[Event "Régionale 1- EFE - Metz Charlemagne"]
[Site "?"]
[Date "2007.04.29"]
[Round "9.1"]
[White "Bazille, Reynald"]
[Black "Gineys, Patrick"]
[Result "0-1"]
[WhiteElo "1850"]
[BlackElo "1900"]
[PlyCount "44"]
[SourceDate "2006.10.14"]

1. c4 e5 2. Nc3 d6 3. Nf3 f5 4. d3 Nf6 5. g3 c6 6. Bg2 Be7 7. Bg5 O-O 8. Rb1 a5
9. Qa4 Na6 $11 10. e3 Nc5 11. Qc2 e4 12. dxe4 fxe4 {Diagramme #} 13. Nd2 $6 (
13. Nd4 Nd3+ 14. Kd2 Nb4 15. Qb3 $19) 13... Nd3+ 14. Ke2 Nxf2 (14... Ng4 15.
Ncxe4 Ndxf2 16. Bxe7 Qxe7 17. Rhf1 $17) 15. Bxf6 Bg4+ 16. Bf3 $2 (16. Kxf2
Rxf6+ 17. Kg1 d5 18. cxd5 cxd5 $16) 16... Bxf3+ 17. Kxf2 Bxh1 18. Rxh1 Bxf6 19.
Ke2 Bxc3 20. Qxc3 d5 21. Rd1 Qg5 22. cxd5 Qh5+ {Diagramme #} 0-1

[Event "Régionale 1- EFE - Metz Charlemagne"]
[Site "?"]
[Date "2007.04.29"]
[Round "9.2"]
[White "Halil, Amar"]
[Black "Baillot, Justin"]
[Result "0-1"]
[WhiteElo "1680"]
[BlackElo "1950"]
[PlyCount "126"]
[SourceDate "2006.10.14"]

1. e4 c5 2. c3 d6 3. d4 Nf6 4. Bd3 Nc6 5. Bc2 Bd7 6. Nf3 e5 7. O-O Qc7 8. dxe5
dxe5 9. Be3 Be7 10. Nbd2 Ng4 11. Re1 Nd8 12. h3 Nxe3 13. Rxe3 Ne6 14. Nc4 f6
15. Rd3 Nf4 16. Nd6+ Bxd6 17. Rxd6 O-O-O 18. Rd2 g5 19. Nh2 h5 20. a4 Rhg8 21.
f3 g4 22. fxg4 hxg4 23. hxg4 Rg6 24. Qf3 Rdg8 25. Rf1 $2 Bxg4 26. Nxg4 Rxg4 27.
Rff2 {Diagramme #} 27... Qh7 (27... Rg3 28. Qd1 c4 29. Rxf4 exf4 30. e5 f3 31.
Bf5+ Kb8 32. Bg4 Qb6+ 33. Kf1 $19) 28. Bb3 $2 (28. Qe3 b6 29. Rxf4 exf4 30. Qf3
Rh4 $19) 28... Rg3 $2 (28... Rh4 29. Be6+ Nxe6 30. g3 Rh3 31. Rg2 Ng5 32. Qg4+
Kc7 33. Rh2 Nf3+ 34. Qxf3 Rgxg3+ 35. Qxg3 Rxg3+ 36. Rdg2 Rxg2+ 37. Rxg2 Qxe4
$19) 29. Bxg8 Qxg8 $11 30. Qd1 Nh3+ 31. Kf1 Nxf2 32. Rxf2 Qc4+ 33. Re2 $6 (33.
Kg1 Qe6 34. Qh5 Qe7 35. Qh8+ Kc7 36. Qxf6 $11) 33... Re3 34. Kf2 {
Diagramme # (=)} 34... Rxe4 35. Rxe4 Qxe4 36. Qb3 Qf5+ 37. Kg1 Qd7 38. Qg8+ Kc7
39. Qc4 b6 40. Qe4 Kd6 41. Qd3+ Ke6 42. Qxd7+ Kxd7 43. Kf2 f5 44. Ke3 c4 45. g3
Ke6 46. Kf3 Kd5 47. Ke3 Kc6 48. Kf3 Kb7 49. Ke3 Ka6 50. Kf3 Ka5 51. g4 fxg4+
52. Kxg4 Kxa4 53. Kf5 Kb3 54. Kxe5 Kxb2 55. Kd4 b5 56. Kc5 Kxc3 57. Kxb5 Kb3
58. Kc5 c3 59. Kb5 c2 60. Ka6 c1=Q 61. Kxa7 Qc6 62. Kb8 Qd7 63. Ka8 Kb4 0-1

[Event "Régionale 1- EFE - Metz Charlemagne"]
[Site "?"]
[Date "2007.04.29"]
[Round "9.3"]
[White "Paturaux, Laurent"]
[Black "Eudes, Arnaud"]
[Result "0-1"]
[WhiteElo "1900"]
[BlackElo "1720"]
[PlyCount "70"]
[SourceDate "2006.10.14"]

1. d4 d6 2. e4 Nf6 3. Nc3 c6 4. Nf3 Bg4 5. Be2 Nbd7 6. Bf4 Qc7 7. h3 Bh5 8. Qd2
e5 9. dxe5 dxe5 10. Be3 Bb4 11. Bd3 Bg6 12. O-O-O Nxe4 13. Bxe4 Bxe4 14. a3 Ba5
15. b4 Bxf3 16. gxf3 Bb6 17. Ne4 Rd8 18. Bxb6 Nxb6 {Diagramme #} 19. Nd6+ $6 (
19. Qg5 f6 20. Rxd8+ Kxd8 21. Nxf6 Qe7 22. Rd1+ Nd5 23. Ne4 Qxg5+ 24. Nxg5 $17)
19... Kf8 20. Qd3 g6 $6 $11 (20... h5 21. c4 Nxc4 22. Qxc4 Rxd6 23. Qc5 $19)
21. c4 $6 (21. f4 exf4 22. Qc3 Rg8 23. Nxb7 Rd5 24. Na5 c5 25. Rxd5 Nxd5 $11)
21... Nxc4 $2 (21... Kg7 22. c5 Nd5 23. Rhg1 Nf4 24. Qe3 f6 25. Nf5+ Kf8 $19)
22. Qxc4 Rxd6 $2 (22... Kg7 23. Qc5 f6 24. Rhg1 Rhf8 25. b5 Kh8 $16) 23. Qc5
Ke7 24. Qxe5+ Kd7 25. Rxd6+ Qxd6 26. Rd1 Qxd1+ 27. Kxd1 Rd8 28. Kc2 Re8 29.
Qd4+ Kc8 30. Qxa7 Re2+ 31. Kb3 Re5 32. Qd4 Rd5 33. Qh8+ {Diagramme #} 33... Kc7
34. Qxh7 Rd3+ 35. Ka4 $4 (35. Ka2 Rxf3 36. Qh4 b5 37. Qe7+ Kc8 38. Qc5 $18)
35... b5+ 0-1

[Event "Régionale 1- EFE - Metz Charlemagne"]
[Site "?"]
[Date "2007.04.29"]
[Round "9.4"]
[White "Burg, Antoine"]
[Black "Kuhlemeier, Laurent"]
[Result "1/2-1/2"]
[WhiteElo "1680"]
[BlackElo "1760"]
[PlyCount "43"]
[SourceDate "2006.10.14"]

1. Nf3 d5 2. d4 Nf6 3. e3 c6 4. Bd3 e6 5. Nbd2 Be7 6. b3 Nbd7 7. Bb2 O-O 8. O-O
Qc7 9. Ne5 Nxe5 10. dxe5 Nd7 11. f4 Nc5 12. Bxh7+ $11 Kxh7 13. Qh5+ Kg8 14. Rf3
f5 {Diagramme #} 15. exf6 $6 (15. Rh3 Ne4 16. Nxe4 fxe4 17. g4 Bd8 18. Ba3 c5
$11) 15... Bxf6 16. Bxf6 Rxf6 17. Rh3 Rh6 $6 (17... Qe7 18. Qh7+ Kf8 19. Nf3 (
19. Qh8+ Kf7 20. Qh5+ g6 $19) 19... Ke8 20. Rg3 g5 21. Qxe7+ Kxe7 22. Rxg5 Kd6
$17) 18. Qe8+ Kh7 19. Nf3 Ne4 20. Ne5 {Diagramme #} 20... Rxh3 21. Qg6+ Kg8 22.
Qe8+ 1/2-1/2

[Event "Régionale 1- EFE - Metz Charlemagne"]
[Site "?"]
[Date "2007.04.29"]
[Round "9.5"]
[White "Becker, Pierre"]
[Black "Fuhrmann, Thibaud"]
[Result "1-0"]
[WhiteElo "1800"]
[BlackElo "1660"]
[PlyCount "77"]
[SourceDate "2006.10.14"]

1. e4 e5 2. Nf3 Nc6 3. Bc4 Bc5 4. Nc3 Nf6 5. d3 d6 6. h3 h6 7. a3 a5 8. Bd2 Bd7
9. Bb5 Nd4 10. Nxd4 Bxd4 11. Bc4 c6 12. O-O b5 13. Bb3 Qc8 14. Qf3 c5 $2 (14...
Be6 15. Bxe6 Qxe6 16. Qg3 $11) 15. Nd5 c4 16. Nxf6+ gxf6 {Diagramme #} 17. c3 (
17. dxc4 Rg8 (17... bxc4 18. c3 cxb3 19. cxd4 Ke7 20. dxe5 fxe5 21. Qxb3 $18)
18. Kh1 bxc4 19. c3 Bb6 20. Bc2 $16) 17... cxb3 18. cxd4 Ke7 19. d5 (19. Rac1
Qb7 20. dxe5 fxe5 21. d4 $16) 19... Qc2 $6 $18 (19... Qg8 20. Rac1 Qg6 21. Rc7
h5 22. Rfc1 $16) 20. Bc3 Rhg8 $6 (20... Rac8 21. Rac1 Rxc3 22. Rxc2 Rxc2 23.
Rb1 $18) 21. Kh2 $6 (21. Rac1 Bxh3 22. Qxh3 (22. Rxc2 Bxg2 23. Qxg2 bxc2 24.
Rc1 Rxg2+ 25. Kxg2 Rg8+ 26. Kf3 $18) 22... Qe2 23. Bxa5 Qg4 (23... Rxa5 $2 24.
Rc7+ Kf8 25. Rc8+ Ke7 26. Rxg8 $18) 24. Rc7+ Ke8 25. Qxg4 Rxg4 26. Bb4 $18)
21... b4 22. axb4 axb4 23. Rac1 bxc3 24. Rxc2 bxc2 25. bxc3 Ra2 26. Qe3 Rb8 27.
Rc1 $18 {Diagramme #} 27... Ba4 $4 (27... Rb1 28. c4 (28. Qxh6 Rxc1 $2 29. Qxc1
Ba4 30. g4 $18) 28... Ba4 29. Qa7+ Kf8 30. Rxc2 Rxc2 31. Qxa4 Rxf2 32. Qd7 Rbb2
$14) 28. Qa7+ Kf8 29. Qxb8+ Kg7 30. Qxd6 Rb2 31. Qa3 Rb1 32. d6 Kg6 33. d7 Bxd7
34. Rxc2 Rd1 35. c4 Kg5 36. g3 h5 37. f4+ exf4 38. gxf4+ Kh4 $6 (38... Kxf4 39.
Rf2+ (39. Qd6+ Ke3 40. Qxd7 $18) 39... Ke3 40. Qc5+ Kxd3 41. Rf3+ (41. Qd5+ Ke3
42. Qxd1 Kxf2 43. Qxd7 $18) 41... Kc2 42. Qa3 Rd2+ 43. Kg3 h4+ 44. Kxh4 Rd4 45.
Qc3+ Kd1 46. Rf1+ Ke2 47. Re1+ Kf2 48. Qg3#) 39. d4 $18 (39. d4 Rh1+ 40. Kxh1
Bg4 41. Kg2 Bf3+ 42. Qxf3 f5 43. Qg3#) 1-0

[Event "Régionale 1- EFE - Metz Charlemagne"]
[Site "?"]
[Date "2007.04.29"]
[Round "9.6"]
[White "Malis, Paul"]
[Black "Nolot, Philippe"]
[Result "0-1"]
[WhiteElo "1499"]
[BlackElo "1740"]
[PlyCount "110"]
[SourceDate "2006.10.14"]

1. e4 e5 2. Nf3 Nc6 3. Nc3 Nf6 4. Bb5 d6 5. O-O Bg4 6. Be2 Be7 7. d3 O-O 8. Be3
a6 9. a3 Qd7 10. Kh1 Rad8 11. Ng1 Bxe2 12. Qxe2 d5 {Diagramme #} 13. Rad1 $6 (
13. exd5 Nxd5 14. Nxd5 Qxd5 15. Nf3 $11) 13... d4 14. Bd2 dxc3 15. Bxc3 Nd4 16.
Bxd4 Qxd4 17. c3 Qb6 18. h3 h6 19. Nf3 Qe6 20. Nh4 g6 21. Qe3 Kh7 22. Qf3 Ng8
23. Qg3 Bxh4 24. Qxh4 Nf6 25. g4 g5 26. Qg3 c5 27. c4 Rd4 28. f3 Rfd8 29. h4
gxh4 30. Qxh4 Rg8 31. Rg1 Rg5 32. Rd2 Ng8 33. Rg3 Qf6 34. Qh3 Qf4 35. Rgg2 Qe3
36. Rge2 Qf4 37. Rf2 Rg6 38. Rg2 Qg5 39. Rh2 Rgd6 40. Qf1 Ne7 41. Qe2 Nc6 42.
Qf1 Qf4 43. Rhe2 Rf6 44. Rf2 Rdd6 45. Rde2 Nd4 {Diagramme #} 46. Re3 $6 (46.
Rd2 Nxf3 47. Qg2 Qe3 48. Rde2 Qxd3 49. Qf1 Rf4 50. Rc2 $19) 46... Qxe3 47. Kg2
Rf4 48. b4 cxb4 49. axb4 Rdf6 50. g5 Rg6 51. Kh2 Rxg5 (51... Rh4+ 52. Kg1 Nxf3+
53. Kg2 Rxg5#) 52. Kh1 Rh5+ (52... Qxf3+ 53. Rxf3 Nxf3 54. Qf2 Rh4+ 55. Qxh4
Rg1#) 53. Rh2 Rxh2+ (53... Qxf3+ 54. Qg2 Qd1+ 55. Qg1 Nf3 56. Qxd1 Rxh2#) 54.
Kxh2 Qd2+ 55. Kg1 Nxf3+ 0-1

[Event "Régionale 1- EFE - Metz Charlemagne"]
[Site "?"]
[Date "2007.04.29"]
[Round "9.7"]
[White "Toussaint, Ernest"]
[Black "Mestour, Bilel"]
[Result "0-1"]
[WhiteElo "1600"]
[BlackElo "1520"]
[PlyCount "62"]
[SourceDate "2006.10.14"]

1. e4 d5 2. e5 e6 3. d4 Nc6 4. Nf3 b6 5. Bb5 Bb7 6. O-O Nge7 7. Bd2 Nf5 8. Qe2
a6 9. Bxc6+ Bxc6 {Diagramme #} 10. a3 $6 (10. Bg5 Be7 11. Bxe7 Qxe7 12. Nc3 $11
) 10... Bb5 11. Qe1 Bxf1 12. Qxf1 Nh4 13. Nxh4 Qxh4 14. Qd3 c5 15. c3 Qg4 16.
Be3 c4 17. Qc2 Be7 18. Nd2 Bg5 19. Bxg5 Qxg5 20. b3 cxb3 21. Nxb3 O-O 22. Nc1
f6 23. Nd3 Qf5 24. Qe2 Qe4 25. Qf1 Rac8 26. Rc1 Rc4 27. Nb2 Rc6 28. Qxa6 fxe5
29. dxe5 d4 {Diagramme #} 30. c4 $2 (30. Qf1 Rxc3 31. Re1 Qc2 32. Re2 Qc1 33.
Nd1 $19) 30... Qe2 (30... Rxf2 31. Kxf2 Qe3+ 32. Kf1 Qxc1+ 33. Ke2 Qxb2+ $19)
31. Qb5 $2 (31. Rf1 Qxb2 32. h3 Rc5 33. Qb7 $19) 31... Qxf2+ (31... Qxf2+ 32.
Kh1 Qf1+ 33. Rxf1 Rxf1#) 0-1

[Event "Régionale 1- EFE - Metz Charlemagne"]
[Site "?"]
[Date "2007.04.29"]
[Round "9.8"]
[White "Kochersperger, Denis"]
[Black "Sakwinski, Jean-François"]
[Result "0-1"]
[WhiteElo "1590"]
[BlackElo "1600"]
[PlyCount "102"]
[SourceDate "2006.10.14"]

1. d4 Nf6 2. c4 g6 3. Nc3 Bg7 4. Nf3 O-O 5. e3 d6 6. Be2 Na6 7. O-O c5 8. b3
cxd4 9. exd4 Re8 10. Bb2 e5 11. dxe5 dxe5 12. Qxd8 Rxd8 13. Nxe5 Rd2 14. Ba3
Nh5 15. Bxh5 gxh5 16. Rae1 Be6 17. f4 {Diagramme #} 17... Rad8 $6 (17... Rc2
18. Rf2 Rxf2 19. Kxf2 Nc7 $18) 18. f5 Bc8 19. f6 Bh6 20. Nxf7 $2 (20. Be7 R8d4
21. Nb5 Rf4 22. Nf3 Rd3 23. Bd6 Bd7 $18) 20... Kxf7 21. Bc1 Bf8 22. Bxd2 Rxd2
23. Rd1 Rxd1 {(=)} 24. Rxd1 Kxf6 25. Rd8 Bc5+ 26. Kf1 Bf5 27. h4 Nb4 28. a3 Nc2
29. a4 $6 (29. b4 Bd4 30. Nd5+ Kf7 31. Ke2 Nxa3 $19) 29... Ne3+ 30. Ke2 Nxg2
31. Nd5+ Kf7 32. b4 Bg4+ 33. Kd2 Bf2 34. Rb8 Nxh4 35. Rxb7+ $15 Ke6 36. Rxh7
Nf3+ 37. Kc3 Bd4+ 38. Kb3 Nd2+ 39. Ka2 Nxc4 40. Nf4+ Ke5 41. Nxh5 $19 {
Diagramme # (=)} 41... Nd2 42. Ng7 Kd5 43. Rh2 Nf3 44. Rg2 Ne5 45. b5 Kc5 46.
Ka3 Nc4+ 47. Kb3 $2 (47. Ka2 Bh3 48. Rg3 Bc8 49. Kb3 Na5+ 50. Ka3 Kc4 $19)
47... Bd1+ 48. Ka2 Kb4 49. Ne6 Bb3+ 50. Kb1 Na3+ 51. Kc1 Bxe6 0-1